000 00323nam a2200133Ia 4500
008 191201s2002 xx 000 0 und d
082 _a332
_bSHF
100 _aSHAHANI, Rakesh
245 0 _aFinancial Markets and Services
260 _aN.Delhi
_bGalgotia Pub. Pvt
_c2002
300 _a446
650 _aMBA
942 _2ddc
_cBK
999 _c3106
_d3106